UBT Library

PARADISE LOST PANTINGS ON PAPER FROM THE 1940 AND 1950 (Record no. 60206)

000 -LEADER
fixed length control field 00317nam a22001337a 4500
008 - FIXED-LENGTH DATA ELEMENTS--GENERAL INFORMATION
fixed length control field 230829b ||||| |||| 00| 0 eng d
041 ## - LANGUAGE CODE
Language code of text/sound track or separate title eng
080 ## - UNIVERSAL DECIMAL CLASSIFICATION NUMBER
Universal Decimal Classification number 7
082 ## - DEWEY DECIMAL CLASSIFICATION NUMBER
Classification number 7ODE
100 ## - Rafti
Rafti 19
101 ## - Shkurtesa
Shkurtesa ART
245 ## - TITLE STATEMENT
Title PARADISE LOST PANTINGS ON PAPER FROM THE 1940 AND 1950
Statement of responsibility, etc CLIFFORD ODETS
942 ## - ADDED ENTRY ELEMENTS (KOHA)
Source of classification or shelving scheme
Item type Books
Holdings
Withdrawn status Lost status Source of classification or shelving scheme Damaged status Not for loan Collection code Permanent location Current location Date acquired Total Checkouts Full call number Barcode Date last seen Price effective from Koha item type
          Koleksioni i përgjithshem UBT - Lipjan UBT - Lipjan 08/29/2023   7ODE 002-80007065 08/29/2023 08/29/2023 Books
          Koleksioni i përgjithshem UBT - Lipjan UBT - Lipjan 08/29/2023   7ODE 002-80007066 08/29/2023 08/29/2023 Books
          Koleksioni i përgjithshem UBT - Lipjan UBT - Lipjan 08/29/2023   7ODE 002-80007067 08/29/2023 08/29/2023 Books
          Koleksioni i përgjithshem UBT - Lipjan UBT - Lipjan 08/29/2023   7ODE 002-80007068 08/29/2023 08/29/2023 Books
          Koleksioni i përgjithshem UBT - Lipjan UBT - Lipjan 08/29/2023   7ODE 002-80007069 08/29/2023 08/29/2023 Books
UBT Library © 2015-2024. All rights reserved University Education for Business and Technology